[Event "Poznan op 28th"]
[Site "Poznan"]
[Date "2021.08.22"]
[Round "9"]
[White "Kowalewicz, Kacper"]
[Black "Glatty, Zbigniew"]
[Result "1/2-1/2"]
[WhiteElo "1778"]
[BlackElo "1840"]
[PlyCount "37"]
[EventDate "2021.08.15"]
[EventType "swiss"]
[EventRounds "9"]
[EventCountry "POL"]
[SourceTitle "CBM 203 Extra"]
[Source "ChessBase"]
[SourceDate "2021.09.30"]
[SourceVersion "1"]
[SourceVersionDate "2021.09.30"]
[SourceQuality "1"]

1. Nf3 Nf6 2. g3 d5 3. Bg2 Bf5 4. d3 e6 5. Nbd2 Bd6 6. 0-0 0-0 7. Re1 Bg6 8. c4 c6 9. Rb1 h6 10. b4 b5 11. c5 Bc7 12. Bb2 a5 13. a3 Qe7 14. Ne5 Bh7 15. Ra1 a4 16. Ndf3 Rd8 17. e3 Nfd7 18. Bh3 Nxe5 19. Bxe5 1/2-1/2

[Event "Poznan op 28th"]
[Site "Poznan"]
[Date "2021.08.20"]
[Round "7"]
[White "Kowalewicz, Kacper"]
[Black "Chaczynski, Kamil"]
[Result "1/2-1/2"]
[WhiteElo "1778"]
[BlackElo "2040"]
[PlyCount "52"]
[EventDate "2021.08.15"]
[EventType "swiss"]
[EventRounds "9"]
[EventCountry "POL"]
[SourceTitle "CBM 203 Extra"]
[Source "ChessBase"]
[SourceDate "2021.09.30"]
[SourceVersion "1"]
[SourceVersionDate "2021.09.30"]
[SourceQuality "1"]

1. Nf3 Nf6 2. g3 g6 3. Bg2 Bg7 4. 0-0 0-0 5. d4 d6 6. b3 Nbd7 7. Bb2 Ne4 8. Nfd2 Nxd2 9. Nxd2 c5 10. Nc4 Rb8 11. a4 b6 12. Qd2 Qc7 13. Rfd1 Bb7 14. Bxb7 Qxb7 15. dxc5 Bxb2 16. c6 Qxc6 17. Nxb2 Rfc8 18. c4 Qe4 19. f3 Qf5 20. Nd3 Nc5 21. Rab1 Nxd3 22. Qxd3 Qc5+ 23. Kg2 a6 24. Qe4 Rc7 25. Rd5 Qb4 26. h4 b5 1/2-1/2

[Event "Poznan op 28th"]
[Site "Poznan"]
[Date "2021.08.19"]
[Round "6"]
[White "Twardowski, Hubert"]
[Black "Kowalewicz, Kacper"]
[Result "0-1"]
[WhiteElo "1877"]
[BlackElo "1778"]
[PlyCount "112"]
[EventDate "2021.08.15"]
[EventType "swiss"]
[EventRounds "9"]
[EventCountry "POL"]
[SourceTitle "CBM 203 Extra"]
[Source "ChessBase"]
[SourceDate "2021.09.30"]
[SourceVersion "1"]
[SourceVersionDate "2021.09.30"]
[SourceQuality "1"]

1. e4 e5 2. Nf3 Nf6 3. Nc3 Nc6 4. Bb5 Nd4 5. Ba4 Nxf3+ 6. Qxf3 c6 7. d3 d6 8. Bg5 Be7 9. Bb3 Bg4 10. Qg3 Qd7 11. f3 Be6 12. Qf2 0-0 13. 0-0 b5 14. Rad1 b4 15. Bxf6 Bxf6 16. Ne2 Qe7 17. Ng3 g6 18. Ne2 Bg7 19. Kh1 f5 20. exf5 gxf5 21. f4 Bxb3 22. axb3 e4 23. dxe4 fxe4 24. Ng3 Bxb2 25. f5 d5 26. Nh5 Qe5 27. g4 e3 28. Qe2 Rae8 29. Rf3 Qe4 30. Rg1 Bc3 31. Ng3 Qd4 32. g5 Qd2 33. Kg2 Qxe2+ 34. Nxe2 Re5 35. Rgf1 c5 36. Kg3 Re4 37. Rf4 Be5 38. Kg4 Bxf4 39. Nxf4 c4 40. bxc4 dxc4 41. f6 e2 42. Re1 Rxf4+ 43. Kxf4 Re8 44. h4 b3 45. cxb3 c3 46. h5 c2 47. g6 hxg6 48. hxg6 c1Q+ 49. Rxc1 e1Q 50. f7+ Kf8 51. fxe8Q+ Qxe8 52. Kf5 Qd7+ 53. Kf6 Qd4+ 54. Kf5 Qf2+ 55. Ke4 Qe2+ 56. Kf5 Qf3+ 0-1

[Event "Poznan op 23rd"]
[Site "Poznan"]
[Date "2015.08.17"]
[Round "9"]
[White "Wlodarczak, Damian"]
[Black "Kowalewicz, Kacper"]
[Result "0-1"]
[WhiteElo "1663"]
[BlackElo "1815"]
[PlyCount "58"]
[EventDate "2015.08.10"]
[EventType "swiss"]
[EventRounds "9"]
[EventCountry "POL"]
[SourceTitle "EXT 2017"]
[Source "ChessBase"]
[SourceDate "2016.10.25"]
[SourceVersion "1"]
[SourceVersionDate "2016.10.25"]
[SourceQuality "1"]

1. d4 Nf6 2. Nf3 g6 3. Bf4 Bg7 4. e3 d6 5. Bd3 0-0 6. Nbd2 Nbd7 7. c4 Re8 8. Qc2 e5 9. dxe5 dxe5 10. Bg5 Nc5 11. Be4 h6 12. Bxf6 Qxf6 13. b4 Nxe4 14. Qxe4 Qb6 15. c5 Qa6 16. Ng1 Bf5 17. Qc4 Qf6 18. e4 Be6 19. Qc2 Qg5 20. g3 Qh5 21. Ne2 Bh3 22. Nc4 Bg2 23. Rg1 Bf3 24. Ne3 Rad8 25. h4 Rd4 26. Nxd4 exd4 27. g4 Qxh4 28. Nf5 gxf5 29. gxf5 Rxe4+ 0-1

[Event "Poznan op 23rd"]
[Site "Poznan"]
[Date "2015.08.16"]
[Round "8"]
[White "Kowalewicz, Kacper"]
[Black "Bajerlein, Dawid"]
[Result "0-1"]
[WhiteElo "1815"]
[BlackElo "2052"]
[PlyCount "78"]
[EventDate "2015.08.10"]
[EventType "swiss"]
[EventRounds "9"]
[EventCountry "POL"]
[SourceTitle "CBM 167 Extra"]
[Source "ChessBase"]
[SourceDate "2015.09.14"]
[SourceVersion "1"]
[SourceVersionDate "2015.09.14"]
[SourceQuality "1"]

1. d4 Nf6 2. Nf3 c5 3. e3 cxd4 4. exd4 d5 5. c3 Nc6 6. Bd3 g6 7. h3 Bg7 8. 0-0 0-0 9. Re1 Bf5 10. Bf1 Re8 11. Nbd2 Qd6 12. Ne5 Nd7 13. Nxd7 Qxd7 14. Nf3 Qd6 15. Be3 Rad8 16. Qd2 f6 17. Rad1 Be4 18. Be2 Kh8 19. Qc1 a6 20. Nd2 Bf5 21. Nb3 e5 22. Bh6 Re7 23. Bxg7+ Kxg7 24. Bf1 h6 25. Qd2 e4 26. Nc5 g5 27. Qc2 Bc8 28. Kh1 f5 29. b4 f4 30. Be2 h5 31. Rg1 g4 32. Bf1 Kh8 33. Re1 Rg7 34. g3 gxh3 35. Kh2 Rdg8 36. Qd1 Bg4 37. Be2 h4 38. Bxg4 Rxg4 39. Kxh3 hxg3 0-1

[Event "Poznan op 23rd"]
[Site "Poznan"]
[Date "2015.08.14"]
[Round "5"]
[White "Kowalewicz, Kacper"]
[Black "Szymenderski, Michal"]
[Result "1-0"]
[WhiteElo "1815"]
[BlackElo "1464"]
[PlyCount "97"]
[EventDate "2015.08.10"]
[EventType "swiss"]
[EventRounds "9"]
[EventCountry "POL"]
[SourceTitle "CBM 167 Extra"]
[Source "ChessBase"]
[SourceDate "2015.09.14"]
[SourceVersion "1"]
[SourceVersionDate "2015.09.14"]
[SourceQuality "1"]

1. Nf3 Nf6 2. d4 d5 3. c4 e6 4. cxd5 exd5 5. Nc3 Bf5 6. Bg5 Be7 7. e3 a6 8. Qb3 Nbd7 9. Nxd5 Nb6 10. Nxb6 cxb6 11. Bc4 Bg6 12. 0-0 b5 13. Be2 0-0 14. Rfc1 Rc8 15. Bd3 Rxc1+ 16. Rxc1 Bxd3 17. Qxd3 h6 18. Bxf6 Bxf6 19. Qc2 Qd5 20. b3 Re8 21. Qc5 Qe4 22. h3 g5 23. Nd2 Qg6 24. Qc2 Qg7 25. Qf5 Qg6 26. Qxg6+ fxg6 27. Rc7 Re7 28. Rxe7 Bxe7 29. Kf1 Kf7 30. Ke2 Ke6 31. e4 b6 32. Kd3 Ba3 33. g4 a5 34. e5 Bc1 35. Ne4 Kd5 36. Nf6+ Ke6 37. Ke4 Bb2 38. d5+ Kf7 39. Nd7 h5 40. Nxb6 hxg4 41. hxg4 Bc3 42. d6 Be1 43. Kd5 Bxf2 44. e6+ Ke8 45. e7 Kf7 46. Nd7 b4 47. Ne5+ Ke8 48. Ke6 Bc5 49. d7# 1-0

[Event "Poznan op 22nd"]
[Site "Poznan"]
[Date "2014.08.15"]
[Round "8"]
[White "Kozlowski, Tomasz"]
[Black "Kowalewicz, Kacper"]
[Result "1-0"]
[WhiteElo "1936"]
[BlackElo "1748"]
[PlyCount "61"]
[EventDate "2014.08.09"]
[EventType "swiss"]
[EventRounds "9"]
[EventCountry "POL"]
[SourceTitle "CBM 161 Extra"]
[Source "ChessBase"]
[SourceDate "2014.08.29"]
[SourceVersion "1"]
[SourceVersionDate "2014.08.29"]
[SourceQuality "1"]

1. e4 e5 2. Nc3 Nc6 3. Nf3 Nf6 4. Bb5 d6 5. h3 Be7 6. d4 exd4 7. Nxd4 Bd7 8. Bf4 Nxd4 9. Qxd4 Bxb5 10. Nxb5 a6 11. Nc3 0-0 12. 0-0 Qc8 13. Rad1 Re8 14. Rfe1 Nh5 15. Bh2 Bf6 16. Qd2 g6 17. Nd5 Bg7 18. Qg5 Re6 19. e5 f6 20. exf6 Bxf6 21. Qd2 Rxe1+ 22. Rxe1 Qd8 23. g4 Ng7 24. Bf4 c6 25. Nxf6+ Qxf6 26. Qxd6 Qxb2 27. Be5 Qxc2 28. Bxg7 Kxg7 29. Re7+ Kh6 30. Qf4+ g5 31. Qd6+ 1-0

[Event "Poznan op 22nd"]
[Site "Poznan"]
[Date "2014.08.09"]
[Round "1"]
[White "Kowalewicz, Kacper"]
[Black "Brodowski, Piotr"]
[Result "0-1"]
[WhiteElo "1748"]
[BlackElo "2441"]
[PlyCount "75"]
[EventDate "2014.08.09"]
[EventType "swiss"]
[EventRounds "9"]
[EventCountry "POL"]
[SourceTitle "CBM 161 Extra"]
[Source "ChessBase"]
[SourceDate "2014.08.29"]
[SourceVersion "1"]
[SourceVersionDate "2014.08.29"]
[SourceQuality "1"]

1. d4 g6 2. c4 Bg7 3. Nf3 c5 4. e3 Nf6 5. Nc3 0-0 6. g3 cxd4 7. Nxd4 d5 8. cxd5 Nxd5 9. Bg2 Nxc3 10. bxc3 e5 11. Ne2 Qxd1+ 12. Kxd1 Rd8+ 13. Kc2 Nc6 14. Rb1 Na5 15. Rb5 Nc4 16. Rb4 Bf5+ 17. e4 Be6 18. Rxb7 Bd7 19. Rb4 Rac8 20. Rd1 Bf8 21. Rb3 Ba4 22. Rd5 Bc5 23. Bg5 Rxd5 24. exd5 Bxf2 25. Kd3 f5 26. Nc1 Nb6 27. Rb2 Bc5 28. Rd2 e4+ 29. Ke2 Nc4 30. Nb3 Nxd2 31. Nxd2 Bc2 32. g4 Bd3+ 33. Ke1 Kf7 34. Bh3 h6 35. gxf5 Rg8 36. Nb3 Bb6 37. Bf4 gxf5 38. Bxf5 0-1

[Event "POL-chT3 Wielkopolskie 1314"]
[Site "Poland"]
[Date "2013.12.01"]
[Round "2.17"]
[White "Kowalewicz, Kacper"]
[Black "Wisniewski, Emil"]
[Result "1-0"]
[WhiteElo "1722"]
[BlackElo "1843"]
[PlyCount "113"]
[EventDate "2013.10.27"]
[EventType "team-tourn"]
[EventRounds "11"]
[EventCountry "POL"]
[SourceTitle "EXT 2015"]
[Source "ChessBase"]
[SourceDate "2014.11.20"]
[SourceVersion "1"]
[SourceVersionDate "2014.11.20"]
[SourceQuality "1"]
[WhiteTeam "Wolsztyn UKS Szach"]
[BlackTeam "Gniezno LKS Chrobry II"]
[WhiteTeamCountry "POL"]
[BlackTeamCountry "POL"]

1. d4 d5 2. c4 c6 3. Nc3 Nf6 4. cxd5 cxd5 5. Bf4 e6 6. Nf3 Bd6 7. Bxd6 Qxd6 8. e3 Nc6 9. Bd3 0-0 10. 0-0 Nb4 11. a3 Nxd3 12. Qxd3 Bd7 13. Ne5 Rfc8 14. Rfc1 Rc7 15. g4 Rac8 16. Qd2 h6 17. f4 Be8 18. g5 hxg5 19. fxg5 Nd7 20. Nxd7 Bxd7 21. Rf1 e5 22. Qg2 Be6 23. Nb5 Qd7 24. Nxc7 Bh3 25. Qxd5 Qg4+ 26. Kh1 Rxc7 27. Rf2 Qc8 28. Rg1 exd4 29. exd4 Be6 30. Qe5 Qd7 31. Re1 Rc8 32. Kg1 Bd5 33. Qf4 Qe6 34. b4 Qg6 35. Re5 Bc6 36. Qf5 Qxf5 37. Rexf5 Rc7 38. Rc5 Rd7 39. Rd2 Bd5 40. Kf2 b6 41. Rc8+ Kh7 42. h4 g6 43. h5 f6 44. gxf6 Kh6 45. Kg3 Kg5 46. Rf2 Be6 47. Re8 Bf5 48. Re7 Rd8 49. f7 Rf8 50. Rxa7 Kf6 51. Ra6 Rxf7 52. Rxb6+ Kg5 53. d5 Re7 54. d6 Re3+ 55. Rf3 Re1 56. a4 Ra1 57. Kf2 1-0

[Event "POL-chT3 Wielkopolskie 1314"]
[Site "Poland"]
[Date "2013.10.27"]
[Round "1.11"]
[White "Rozumek, Krzysztof"]
[Black "Kowalewicz, Kacper"]
[Result "0-1"]
[WhiteElo "1970"]
[BlackElo "1722"]
[PlyCount "116"]
[EventDate "2013.10.27"]
[EventType "team-tourn"]
[EventRounds "11"]
[EventCountry "POL"]
[SourceTitle "EXT 2015"]
[Source "ChessBase"]
[SourceDate "2014.11.20"]
[SourceVersion "1"]
[SourceVersionDate "2014.11.20"]
[SourceQuality "1"]
[WhiteTeam "Steszew Lipno"]
[BlackTeam "Wolsztyn UKS Szach"]
[WhiteTeamCountry "POL"]
[BlackTeamCountry "POL"]

1. e4 e5 2. Nf3 Nc6 3. Bc4 Bc5 4. c3 Nf6 5. d3 0-0 6. 0-0 a6 7. b4 Be7 8. a4 d6 9. h3 Ne8 10. Nh2 Kh8 11. f4 f5 12. fxe5 Nxe5 13. exf5 d5 14. Bb3 Rxf5 15. d4 Rxf1+ 16. Qxf1 Ng6 17. Bc2 Qd6 18. Nf3 Qg3 19. Qf2 Qxf2+ 20. Kxf2 Nh4 21. Bg5 Bxg5 22. Nxg5 h6 23. Nf7+ Kg8 24. Ne5 Bf5 25. Bxf5 Nxf5 26. Nd2 Nf6 27. Re1 Nd6 28. Re3 Nfe4+ 29. Nxe4 Nxe4+ 30. Ke1 Rf8 31. Ng6 Re8 32. Ne5 Rf8 33. Nd7 Rf7 34. Nc5 Nxc5 35. dxc5 Kf8 36. Ke2 Re7 37. Kd3 Rxe3+ 38. Kxe3 Ke7 39. Kd4 Ke6 40. g3 c6 41. g4 g6 42. h4 h5 43. g5 Kf5 44. b5 Kf4 45. bxa6 bxa6 46. a5 Kf3 47. Kd3 Kg3 48. Kd4 Kxh4 49. Ke5 Kxg5 50. Kd6 h4 51. Kxc6 h3 52. Kb6 h2 53. c6 h1Q 54. c7 Qh3 55. Kxa6 Qxc3 56. Kb7 Qb4+ 57. Ka6 Qc4+ 58. Kb7 Qb5+ 0-1

[Event "POL-chT 3rd League Wielkopolska 12/13"]
[Site "Poznan"]
[Date "2012.12.02"]
[Round "3.16"]
[White "Kowalewicz, Kacper"]
[Black "Wisniewski, Emil"]
[Result "0-1"]
[WhiteElo "1669"]
[BlackElo "1838"]
[PlyCount "72"]
[EventDate "2012.11.25"]
[EventType "team-tourn"]
[EventRounds "11"]
[EventCountry "POL"]
[SourceTitle "EXT 2014"]
[Source "ChessBase"]
[SourceDate "2013.11.20"]
[SourceVersion "1"]
[SourceVersionDate "2013.11.20"]
[SourceQuality "1"]
[WhiteTeam "Wolsztyn UKS Szach"]
[BlackTeam "Gniezno LKS Chrobry II"]
[WhiteTeamCountry "POL"]
[BlackTeamCountry "POL"]

1. Nf3 d5 2. c4 c6 3. b3 Nf6 4. Bb2 g6 5. d4 Bg7 6. e3 0-0 7. Be2 Ne4 8. 0-0 Nd7 9. Nbd2 f5 10. cxd5 cxd5 11. Ne5 Nxe5 12. dxe5 Qa5 13. Nxe4 dxe4 14. Qd4 Rd8 15. Qc3 Qxc3 16. Bxc3 Be6 17. f4 exf3 18. gxf3 f4 19. exf4 Bh6 20. f5 Be3+ 21. Kg2 Bxf5 22. Bc4+ Kf8 23. f4 Bd3 24. Bxd3 Rxd3 25. Be1 Rc8 26. Rf3 Rcd8 27. Bf2 Bxf2 28. Rxf2 Rd2 29. Raf1 Kf7 30. Rxd2 Rxd2+ 31. Rf2 Rxf2+ 32. Kxf2 Ke6 33. Ke3 Kf5 34. Kf3 h6 35. Ke3 Kg4 36. Ke4 e6 0-1

[Event "POL-chT U19 2nd League"]
[Site "Borowice"]
[Date "2012.07.23"]
[Round "4"]
[White "Kowalewicz, Kacper"]
[Black "Wyslobocki, Patryk"]
[Result "0-1"]
[WhiteElo "1696"]
[BlackElo "1702"]
[PlyCount "124"]
[EventDate "2012.07.21"]
[EventType "team-swiss"]
[EventRounds "11"]
[EventCountry "POL"]
[SourceTitle "EXT 2014"]
[Source "ChessBase"]
[SourceDate "2013.11.20"]
[SourceVersion "1"]
[SourceVersionDate "2013.11.20"]
[SourceQuality "1"]
[WhiteTeam "Wolsztyn UKS Szach U19"]
[BlackTeam "Zielona Gora KS 64 U19"]
[WhiteTeamCountry "POL"]
[BlackTeamCountry "POL"]

1. Nf3 Nf6 2. g3 g6 3. Bg2 Bg7 4. d3 0-0 5. 0-0 d6 6. c4 h6 7. Nc3 e5 8. e4 c6 9. Bd2 a5 10. Qc1 Kh7 11. Rb1 Be6 12. a3 Nbd7 13. b4 axb4 14. axb4 Nh5 15. Ne1 f5 16. f3 fxe4 17. fxe4 Rxf1+ 18. Kxf1 Ndf6 19. b5 Ng4 20. Nf3 Qb6 21. Qe1 Rf8 22. bxc6 Qxc6 23. Ke2 Ngf6 24. Be3 Nd7 25. Rb4 Nc5 26. Qb1 Rf7 27. Rb6 Qd7 28. Nb5 Na4 29. Qb4 Nxb6 30. Bxb6 Bf8 31. c5 dxc5 32. Bxc5 Bxc5 33. Qxc5 Qc6 34. Qxc6 bxc6 35. Nd6 Rd7 36. Nc4 Bxc4 37. dxc4 Re7 38. Ke3 Nf6 39. Bh3 Kg7 40. Ne1 Kf7 41. Nd3 Ne8 42. Nb4 Rc7 43. c5 Kf6 44. Bf1 Ng7 45. Bc4 Ne6 46. Bxe6 Kxe6 47. Na6 Rb7 48. h4 Kf6 49. Kd3 g5 50. Kc4 Rd7 51. Nb4 Rd4+ 52. Kc3 Rxe4 53. hxg5+ hxg5 54. Nxc6 Re3+ 55. Kd2 Rxg3 56. Na5 Ke6 57. c6 Kd6 58. Nc4+ Kxc6 59. Nxe5+ Kd5 60. Nd3 Kd4 61. Ne1 Ke4 62. Ke2 Ra3 0-1

[Event "POL-chT U19 2nd League"]
[Site "Borowice"]
[Date "2012.07.23"]
[Round "3"]
[White "Tomaszewski, Kacper"]
[Black "Kowalewicz, Kacper"]
[Result "1-0"]
[WhiteElo "1943"]
[BlackElo "1696"]
[PlyCount "64"]
[EventDate "2012.07.21"]
[EventType "team-swiss"]
[EventRounds "11"]
[EventCountry "POL"]
[SourceTitle "EXT 2014"]
[Source "ChessBase"]
[SourceDate "2013.11.20"]
[SourceVersion "1"]
[SourceVersionDate "2013.11.20"]
[SourceQuality "1"]
[WhiteTeam "Ostrow Wielkopolski U19"]
[BlackTeam "Wolsztyn UKS Szach U19"]
[WhiteTeamCountry "POL"]
[BlackTeamCountry "POL"]

1. d4 d5 2. c4 c6 3. Nc3 Nf6 4. e3 Bf5 5. cxd5 cxd5 6. Qb3 Bc8 7. Nf3 e6 8. Bd3 Nc6 9. 0-0 Bd6 10. Bd2 0-0 11. Rac1 Nd7 12. e4 dxe4 13. Nxe4 Be7 14. Bb1 Nb6 15. Qd3 f5 16. Nc5 Bxc5 17. Rxc5 Nd7 18. Rcc1 Nf6 19. Bf4 Nd5 20. Bd2 Bd7 21. a3 Rc8 22. b4 b5 23. Rfe1 Qb6 24. Rc5 a6 25. Ba2 Nce7 26. Ne5 Qd6 27. Bg5 Nc6 28. Nxd7 Qxd7 29. Rxe6 Ncxb4 30. axb4 Nxb4 31. Qb3 Rxc5 32. dxc5 Nxa2 1-0

[Event "Poznan op 21th"]
[Site "Poznan"]
[Date "2011.08.06"]
[Round "1"]
[White "Kowalewicz, Kacper"]
[Black "Bednarska, Malgorzata"]
[Result "0-1"]
[WhiteElo "1667"]
[BlackElo "2172"]
[PlyCount "60"]
[EventDate "2011.08.06"]
[EventType "swiss"]
[EventRounds "9"]
[EventCountry "POL"]
[SourceTitle "CBM 143 Extra"]
[Source "ChessBase"]
[SourceDate "2011.08.29"]
[SourceVersion "1"]
[SourceVersionDate "2011.08.29"]
[SourceQuality "1"]

1. Nf3 c5 2. g3 Nf6 3. Bg2 g6 4. d3 Bg7 5. 0-0 0-0 6. Nbd2 Nc6 7. Re1 Qc7 8. c3 d6 9. Nb3 Bd7 10. d4 b6 11. e4 Rad8 12. d5 Nb8 13. c4 b5 14. Nbd2 a6 15. Rb1 Be8 16. Qc2 Nbd7 17. b4 cxb4 18. Rxb4 Nb6 19. Bf1 a5 20. Rb1 Rc8 21. Bh3 Rb8 22. Bb2 bxc4 23. Bxf6 Bxf6 24. Nxc4 Ba4 25. Qe2 Qxc4 26. Qe3 Qc5 27. Qxc5 dxc5 28. e5 Bg7 29. d6 exd6 30. exd6 Rfd8 0-1

[Event "POL-chT U19 2nd League"]
[Site "Chelm Lubelski"]
[Date "2010.07.09"]
[Round "5"]
[White "Kowalewicz, Kacper"]
[Black "Nowak, Dominik"]
[Result "1-0"]
[WhiteElo "1586"]
[BlackElo "1359"]
[PlyCount "79"]
[EventDate "2010.07.06"]
[EventType "team-tourn"]
[EventRounds "11"]
[EventCountry "POL"]
[SourceTitle "EXT 2011"]
[Source "ChessBase"]
[SourceDate "2010.11.26"]
[SourceVersion "1"]
[SourceVersionDate "2010.11.26"]
[SourceQuality "1"]
[WhiteTeam "Wolsztyn UKS Szach U19"]
[BlackTeam "Kozuchow Odrodzenie U19"]
[WhiteTeamCountry "POL"]
[BlackTeamCountry "POL"]

1. Nf3 d5 2. d3 Nf6 3. g3 c6 4. Bg2 Bg4 5. b3 Nbd7 6. Nbd2 e6 7. c4 Be7 8. 0-0 0-0 9. Bb2 Rc8 10. h3 Bxf3 11. Nxf3 Qc7 12. Rc1 Rfd8 13. Qc2 h6 14. Rfd1 Bd6 15. e3 Qa5 16. a3 Qc7 17. Bxf6 Nxf6 18. c5 Be7 19. d4 Qa5 20. b4 Qc7 21. Ne5 Nd7 22. Nxd7 Rxd7 23. h4 a6 24. a4 Bf6 25. Rb1 Rb8 26. b5 Rdd8 27. Bf1 axb5 28. axb5 Ra8 29. b6 Qd7 30. f4 Ra3 31. Rb3 Rda8 32. Rxa3 Rxa3 33. Rd3 Rxd3 34. Bxd3 Qc8 35. Qa2 Kf8 36. Qa7 Ke8 37. Ba6 Bd8 38. Bxb7 Qd7 39. Qa8 Ke7 40. Bxc6 1-0